00901cam a22002531 4500001001300000003000400013005001700017008004100034010001700075035002000092040004400112042001200156050001600168070002200184100002200206245018700228260003000415300001800445490005800463650002000521700003700541830005400578999001500632agr32001315 DLC20260227110952.0881010s1932 gw 000 0 ger c aagr32001315  a(OCoLC)18586608 aU.S. Dept. of Agr. Libr.cMoUdMoUdDLC apremarc00aS599.G3bH40 a18bG31A heft. 631 aHerzog, Heinrich.10aBodenbewertung; die Bewertung der mineralischen Ackerböden Deutschlands,cvon Heinrich Herzog. Die morphologischen Merkmale in der Praxis der Bodenbewertung, von W. Taschenmacher. aBerlin,bP. Parey,c1932. a93 p.c27 cm.1 aBerichte über Landwirtschaft,vn.f., 63. Sonderheft 0aSoilszGermany.1 aTaschenmacher, Willibald,d1902- 0aBerichte über Landwirtschaft.pSonderheft ;v63 c9539d9539